Bình giải ngụ ngôn Việt Nam

Guardado en:
Detalles Bibliográficos
Autor principal: Trương, Chính
Formato: Libro
Lenguaje:Undetermined
Publicado: Hà Nội Giáo dục 2003
Materias:
Etiquetas: Agregar Etiqueta
Sin Etiquetas, Sea el primero en etiquetar este registro!
Thư viện lưu trữ: Trung tâm Học liệu Trường Đại học Cần Thơ
LEADER 00548nam a2200193Ia 4500
001 CTU_90888
008 210402s9999 xx 000 0 und d
020 |c 17800 
082 |a 398.329597 
082 |b Ch312 
100 |a Trương, Chính 
245 0 |a Bình giải ngụ ngôn Việt Nam 
245 0 |c Trương Chính 
260 |a Hà Nội 
260 |b Giáo dục 
260 |c 2003 
650 |a Folk literature,vietnamese 
904 |i Nguyên (Nguyên sửa) 
980 |a Trung tâm Học liệu Trường Đại học Cần Thơ